| 000 | 00693nam1a22002171i 4500 | ||
|---|---|---|---|
| 001 | rc\2998813 | ||
| 005 | 20240725232512.0 | ||
| 035 | _a(NLR Aleph) 007142347 | ||
| 090 |
_a7068429 _c7068429 |
||
| 100 | _a20110920d1944 |||y0rusy50 ca | ||
| 101 | 0 | _arus | |
| 102 | _aRU | ||
| 105 | _ay z ||||| | ||
| 200 | 1 |
_a[Курс истории СССР] _fВысшая парт. школа при ЦК ВКП(б) |
|
| 210 |
_aМосква _cБ. и. _d1944 _gтип. ВПШ |
||
| 215 | _d22 см | ||
| 712 | 0 | 2 |
_aВысшая партийная школа при ЦК ВКП(б) _cМосква _4570 |
| 801 | 0 |
_aRU _bNLR _gpsbo |
|
| 801 | 1 |
_aRU _bELAR _2rusmarc |
|
| 852 |
_aNLR _jИр10 Г-5/27 |
||
| 942 | _cBOOK | ||